MARC детайли
| 000 -Лидер |
| Контролно поле с фиксирана дължина |
01267nam a2200301 c 4500 |
| 003 - Код на организацията, давaща контролен номер |
| Контролно поле |
BLK |
| 005 - Дата и час на последна редакция |
| Контролно поле |
20230328030245.0 |
| 008 - Елементи от данни с фиксирана дължина |
| fixed length control field |
180911b bul|||||r ||||||| ||bul|| |
| 010 ## - Наследен системен номер |
| LC control number |
002764 |
| 040 ## - Източник на каталожния запис |
| Идентификатор на билиотеката - собственик на записа |
BLK |
| 041 ## - Код за език |
| Код за езика на текст/звукозапис или на отделно заглавие |
Български |
| Код за езика КДБФ |
Български |
| 080 ## - УДК |
| УДК - код + определител |
949.72949.71 |
| 100 ## - Редна дума - Автор |
| Автор |
Чилингиров, Стилиян Хаджидобрев |
| Дати, свързани с автора |
1881-1962 |
| R(LIN) |
410962 |
| 245 00 - Сведения за заглавието |
| Заглавие |
Сърбите и ние |
| Редно поле (дума) |
Стилиян Чилингиров |
| 260 ## - Област на издателските данни |
| Място на издаване, разпространение и проч. |
София |
| Име на издателя, разпространителя и проч. |
Трънско класно учит. д-во |
| Година на издаване |
1930 |
| 300 ## - Физическа характеристика |
| Страници |
116 с |
| Размери/Мащаб |
24 см |
| 380 ## - Жанр |
| Жанр |
История |
| 490 ## - СЕРИИ (Колекции) |
| Име на серия |
Библиотека Зап. покрайнини |
| 490 ## - СЕРИИ (Колекции) |
| Име на серия |
Частна колекция - Академик Михаил Арнаудов |
| Бележки за серията |
Дарение - Основен фонд |
| 500 ## - Общи забележки |
| Забележка |
Автограф с текст: На добрия приятел проф. М. Арнаудов - с удивление от неговата разностранност, пълна с широта на схващания и разбирания - С. Чилингиров, София, 8. 7. 930; |
| 650 #4 - Допълнително описание по предмет – тема |
| Основно описание – тема или топоним |
История |
| 9 (RLIN) |
396811 |
| 650 ## - Допълнително описание по предмет – тема |
| Основно описание – тема или топоним |
Балкански страни |
| 9 (RLIN) |
396812 |
| 650 ## - Допълнително описание по предмет – тема |
| Основно описание – тема или топоним |
Балкански страни |
| 9 (RLIN) |
396812 |
| 655 ## - Ключова дума – жанр/разновидност |
| Данни за жанр/разновидност или ключова дума за фокус |
българска история |
| 700 1# - Други автори (авторска отговорност) |
| Лично име |
Ст. Чилингиров |
| 9 (RLIN) |
396813 |
| 762 ## - Описание на подсерията (дигитална колекция) |
| 9 (RLIN) |
409507 |
| Номер на изображение |
1 |
| Описание на изображение |
Текст: На добрия приятел проф. М. Арнаудов – с удивление от неговата разностранност, пълна с широта на схващания и разбирания – С. Чилингиров, София, 8.7.930 |
| Название на изображение |
Автограф от Стилиян Чилингиров |
| Име на дигиталната колекция |
Послания на времето |
| Резюме на колекция |
Акад. Михаил Арнаудов - послания и дарствени слова |
| Описание на колекция |
Академик Михаил Арнаудов е личност със значимо присъствие в българската култура и принос в областта на науката, литературата, фолклора, историята на българското Възраждане, социологията, философията и народопсихологията. Цялото документално и библиотечно наследство на родения в Русе виден учен е национално богатство от изключително значение. Единствено Регионална библиотека „Любен Каравелов“ – Русе притежава колекция от над 1500 книги от личната библиотека на Михаил Арнаудов с автографи, послания и дарствени надписи от български и чужди знакови личности. Зад всеки автограф се крие историята на взаимоотношенията между Академика и неговите съвременници. Тези автографи са неизвестни и неизследвани страници от българското културно наследство. |
| 763 1# - Описание на подсерията (дигитални колекции - автор) |
| Връзки |
141778 |
| Автор към изображението |
Чилингиров, Стилиян |
| Дати, свързани с автора |
26.10.1881 – 23.11.1962 |
| Друга информация |
Стилиян Чилингиров е писател и етнограф, политик и общественик от началото на XX век. Известен е като Последния възрожденец. Завършва педагогика в Софийския университет и специализира история на литературата в Берлин и Лайпциг, Германия. Бил е учител по немски език, поддиректор и директор на Народната библиотека в София. Стилиян Чилингиров пише стихотворения – „Песен за селяка“; романи „Хляб наш насущний“, „Владо Булатов“, „Глад“; новели – „Родина“, сонети, разкази, драми, пътеписи. Автор е и на биографии, спомени, студии по история на българското Възраждане, етнография, фолклор, педагогика, читалищно и библиотечно дело. Той е сред основателите на Съюза на българските писатели през 1923 г. и негов председател от 1941 до 1944 г. |
| Номера от таг 762 подп. 9 |
409507 |
| Номер на изображение |
1 |
| Пълно име на автора |
Стилиян Чилингиров |
| 852 ## - Местоположение |
| Форматна сигнатура |
МА 295 |
| Фондова буква |
Фонд "Михаил Арнаудов" |
| 856 ## - Електронен адрес и достъп |
| Инструкция (цена за достъп) |
0.00 |
| Права за достъп |
disable |
| 999 ## - СИСТЕМНИ КОНТРОЛНИ НОМЕРА |
| Koha biblionumber |
343103 |
| Koha biblioitemnumber |
343103 |
| 942 ## - АРТИКУЛИ |
| Вид на библиотечния материал |
Книги |
| Скрит в OPAC |
Не |
| Периодичен библиозапис |
Да |
| 944 ## - СЪЗДАВАНЕ И РЕДАКЦИЯ на ЗАПИСА |
| Създаване/Редакция |
Създаване |
| Дата на регистрацията/редакция |
1995 |
| Служител, извършил регистрацията/редакцията |
ValK |
| 999 ## - СИСТЕМНИ КОНТРОЛНИ НОМЕРА |
| Koha biblioitemnumber |
343103 |
| 999 ## - СИСТЕМНИ КОНТРОЛНИ НОМЕРА |
| Koha biblioitemnumber |
343103 |
| 999 ## - СИСТЕМНИ КОНТРОЛНИ НОМЕРА |
| Koha biblioitemnumber |
343103 |
| 999 ## - СИСТЕМНИ КОНТРОЛНИ НОМЕРА |
| Koha biblioitemnumber |
343103 |
| 999 ## - СИСТЕМНИ КОНТРОЛНИ НОМЕРА |
| Koha biblioitemnumber |
343103 |
| 999 ## - СИСТЕМНИ КОНТРОЛНИ НОМЕРА |
| Koha biblioitemnumber |
343103 |
| 999 ## - СИСТЕМНИ КОНТРОЛНИ НОМЕРА |
| Koha biblioitemnumber |
343103 |
| 999 ## - СИСТЕМНИ КОНТРОЛНИ НОМЕРА |
| Koha biblioitemnumber |
343103 |
| 999 ## - СИСТЕМНИ КОНТРОЛНИ НОМЕРА |
| Koha biblioitemnumber |
343103 |